Meranie a spracovanie prevádzkových a riadiacich veličín spaľovacieho motora

Na minha lista:
Detalhes bibliográficos
Autor principal: Polčič, Juraj, 1988- (Author)
Outros Autores: Kamenický, Milan, 1958- (Thesis advisor)
Formato: Manuscrito Livro
Idioma:eslovaco
Publicado em: Bratislava : STU v Bratislave SjF, 2012
Assuntos:
Acesso em linha:VAIS
Tags: Adicionar Tag
Sem tags, seja o primeiro a adicionar uma tag!

MARC

LEADER 00000ntm a22000003a 4500
001 stu264234
005 20150617230219.7
008 130313s2012----xo------------------slo-d
040 |a STU  |b slo 
041 0 |a slo 
044 |a xo 
100 1 |a Polčič, Juraj,  |d 1988-  |4 aut  |u J  |T SjF Strojnícka fakulta  |X 49829  |U J  |Y 20  |7 A000049829 
242 0 0 |a Measurement and processing of operational and directory quantities of combustion engine  |y eng 
245 1 |a Meranie a spracovanie prevádzkových a riadiacich veličín spaľovacieho motora  
260 |a Bratislava :  |b STU v Bratislave SjF,  |c 2012 
650 7 |a automobily, lode a spaľovacie motory  |2 stusub 
650 7 |a Automobiles, Ships and Combustion Engines  |2 estusub 
650 7 |a spaľovací motor  |2 stusub 
700 1 |a Kamenický, Milan,  |d 1958-  |4 ths  |u J0030  |U SjF Strojnícka fakulta  |T SjF Ústav dopravnej techniky a konštruovania  |X 2441  |U J0030  |Y 806  |7 A000002441 
856 4 |a info a plný text  |u http://is.stuba.sk/zp/portal_zp.pl?podrobnosti=90351  |3 VAIS